000 00460nam a2200181Ia 4500
005 20240913125821.0
008 240913s9999||||xx |||||||||||||| ||und||
041 _aENGLISH
082 _A616 Q4
100 _aWalker, Brain R
245 0 _aDavidson Principles and Practice of Medicine
250 _a22nd
260 _c2014
_bEls
_aJapan
500 _aREFERENCE
650 _aPerfusion Technology
_bAllied Health Science
942 _cREF
999 _c246330
_d246330